My Top 100 Songs of 2025 - Guess the Artist - Statistics

General Stats
  • This quiz has been taken 226 times
  • The average score is 20 of 100
Answer Stats
Song Artist % Correct
Elizabeth Taylor | Florida!!! | Guilty as Sin? | +2 others Taylor Swift
91%
Busy Woman | Espresso | House Tour | Nobody's Son Sabrina Carpenter
83%
Good Luck, Babe | HOT TO GO! | Pink Pony Club | The Subway Chappell Roan
73%
Abracadabra Lady Gaga
60%
360 | Apple Charli XCX
47%
Diet Pepsi | Fame is a Gun | Headphones On Addison Rae
43%
All My Love | Stick Season | You're Gonna Go Far Noah Kahan
36%
Ghost Justin Bieber
29%
I Had Some Help Post Malone
29%
Sometimes Ariana Grande
28%
Sticky Tyler, the Creator
19%
Mary on a Cross Ghost
17%
Cute Aggression Perrie
16%
Love Me Not Ravyn Lenae
13%
Angeleyes ABBA
12%
Would That I Hozier
12%
It's Not Living (If It's Not With You) The 1975
12%
Bowling Alley | Sue Me | Wet Hair Audrey Hobert
11%
HOT LE SSERAFIM & JADE
9%
BOY CRAZY | YIPPEE-KI-YAY Kesha
8%
gossip Confidence Man & JADE
7%
Before You Break My Heart | FUFN (F*ck You For Now) | IT girl | Plastic Box JADE
7%
Unknown Legend Neil Young
7%
EURO-COUNTRY CMAT
6%
Basic Being Basic djo
6%
Both Sides, Now Joni Mitchell
6%
(Un)Lost | 24 Floors | Am I Pretty? | +9 others The Maine
6%
Call on Me Eric Prydz
5%
Love My Way The Psychedelic Furs
5%
Shatter Maggie Rogers
4%
Players Coi Leray
3%
Tiffany Blews Fall Out Boy
3%
Childlike Things FKA Twigs
3%
Mr. Fantasy MR FANTASY
3%
I Know a Place | Number One Fan MUNA
3%
Bells of Every Chapel | Dollar Bill Bar | Fox Hunt | +12 others Sierra Ferrell
3%
Malibu Hole
2%
Right Back Where We Started From Maxine Nightingale
2%
close 2 me | dancin around | talk in private Meg Donnelly
2%
Root Rot | Sycamore Leaves Moselle
2%
Scar Tissue Moselle & Matt Hip
2%
Clueless Beach Bunny
1%
Omaha (The Only What If) Katie Lynn Sharbaugh
1%
Been a Minute Leigh-Anne
1%
Gravity Pale Waves
1%
Lehigh Valley Renee Christine
1%
Two Years Sigrid
1%
You've Got Me The Greeting Committee
1%
Algorithm & Blues (Over & Over) The Summer Set
1%
Lauryn Hill Bryce Vine & Flyana Boss
0%
No matching quizzes found
Score Distribution
Percent of People with Each Score
Percentile by Number Answered
Your Score History
You have not taken this quiz